000 00661nam a2200217Ia 4500
008 191130s2002##################000#0#eng##
020 _a9780761968757
022 _a2004301355
040 _aACL
_cACL
082 _a302.23 DOY
100 _aDoyle, Gillian
245 _aUnderstanding media economics
_cGillian Doyle
260 _aThousand Oaks, CA
_bSAGE
_c2002
300 _avii, 184 p. : ill. ; 25 cm
500 _aIncludes bibliographical references (p. [175]-180) and index
650 _aMass media - Economic aspects
650 _aMédias - Aspect économique
990 _ab8f391f0ac10000c3f85c92dddcea9ae
991 _a227291
999 _c85718
_d85718